000 00955nam a22002775i 4500
001 173757
003 ES-MaACL
005 20230906215334.0
008 100115s2009 sp |||| | spa d
020 _a978-84-9899-118-5
080 _a314.745.3-054.73(084)
245 0 0 _aRefugiados y minorías /
_cRobert Capa, John Vink, Larry Towell, Dorothea Lange ; [redacción, Vicente Ponce, Joan Soriano].
260 _a[Madrid] :
_bPúblico,
_c2009.
300 _a[32] p. :
_bprincipalmente fot. ;
_c27 cm.
490 1 _aMaestros de la fotografía ;
_v19
650 4 _aRefugiados-
_vObras ilustradas.
_9173423
700 1 _aCapa, Robert.
_934775
700 1 _aVink, John.
_9141963
700 1 _aTowell, Larry.
_9111181
700 1 _aLange, Dorothea.
_9138257
700 1 _aPonce, Vicente.
_9173428
700 1 _aSoriano, Joan.
_9173429
830 1 _aMaestros de la fotografía ;
_v19
_9189242
852 _aES-MaACL
_j2284-F-19
999 _c173757
_d173757